[Event "España ch-2015 sub-18"]
[Site "Salobrena ESP"]
[Date "2015.07.28"]
[Round "3.37"]
[White "Sanchez Ruesga, Carlos"]
[Black "Martinez Hernandez, Paula"]
[Result "0-1"]
[WhiteElo "1933"]
[BlackElo "1714"]
[PlyCount "104"]
[EventDate "2015.07.27"]
[EventType "swiss"]
[EventRounds "9"]
[EventCountry "ESP"]
[Source "lmi"]
[SourceDate "2015.07.27"]

1. e4 c6 2. d4 d5 3. Nc3 dxe4 4. Nxe4 Bf5 5. Ng3 Bg6 6. h4 h6 7. Nf3 Nd7 8. h5
Bh7 9. Bd3 Bxd3 10. Qxd3 e6 11. Bd2 Ngf6 12. O-O-O Qc7 13. c4 Be7 14. Kb1 O-O
15. Bc3 a5 16. Qe2 Bb4 17. Bd2 Bxd2 18. Rxd2 Rfb8 19. Ne5 b5 20. cxb5 Rxb5 21.
Nxd7 Qxd7 22. Rc1 Rab8 23. Ka1 Nd5 24. Qc4 R8b6 25. Ne2 Qb7 26. Qc2 Nb4 27. Qc3
Nd5 28. Qc2 Rxb2 29. Qxb2 Rxb2 30. Rxb2 Qc7 31. Ng3 Qf4 32. Ne2 Qxf2 33. Rxc6
Nb4 34. Rc8+ Kh7 35. a3 Nd3 36. Rbc2 Qxg2 37. R8c3 Nf4 38. Nxf4 Qf1+ 39. Kb2
Qxf4 40. Rc5 Qxd4+ 41. Kb3 a4+ 42. Ka2 Qd3 43. R2c3 Qd1 44. R5c4 e5 45. Rc2 e4
46. Kb2 e3 47. Re4 Qd3 48. Re5 Qb3+ 49. Kc1 Qxa3+ 50. Kb1 Qb3+ 51. Rb2 Qc3 52.
Reb5 e2 0-1

[Event "España ch-2015 sub-18"]
[Site "Salobrena ESP"]
[Date "2015.07.28"]
[Round "3.38"]
[White "Sebastian Cantarino, Adrian"]
[Black "Gonzalez Benavides, Pilar"]
[Result "0-1"]
[WhiteElo "1883"]
[BlackElo "1673"]
[PlyCount "55"]
[EventDate "2015.07.27"]
[EventType "swiss"]
[EventRounds "9"]
[EventCountry "ESP"]
[Source "lmi"]
[SourceDate "2015.07.27"]

1. Nf3 d5 2. g3 Nf6 3. Bg2 c6 4. O-O Bf5 5. d4 Nbd7 6. Nbd2 h6 7. c4 e6 8. Re1
Bd6 9. Qb3 b6 10. e3 O-O 11. Bf1 Qc7 12. Nh4 Bh7 13. Bd3 Bxd3 14. Qxd3 Rac8 15.
b3 c5 16. Bb2 cxd4 17. Bxd4 Ne5 18. Qe2 Bb4 19. Bxe5 Qxe5 20. Ndf3 Qh5 21. Red1
Ne4 22. Rd4 Bc3 23. Rad1 Bxd4 24. Rxd4 g5 25. Ng2 Nc3 26. Qc2 Nb5 27. Qd1 Rxc4
28. bxc4 0-1

[Event "España ch-2015 sub-18"]
[Site "Salobrena ESP"]
[Date "2015.07.28"]
[Round "3.39"]
[White "Comellas Martos, Lidia"]
[Black "Barranco Mananet, Fernando"]
[Result "0-1"]
[WhiteElo "1822"]
[BlackElo "1598"]
[PlyCount "82"]
[EventDate "2015.07.27"]
[EventType "swiss"]
[EventRounds "9"]
[EventCountry "ESP"]
[Source "lmi"]
[SourceDate "2015.07.27"]

1. e4 e5 2. Nf3 Nc6 3. d4 exd4 4. Nxd4 Nf6 5. Nc3 Bb4 6. Nxc6 bxc6 7. Bd3 O-O
8. O-O d5 9. e5 Ng4 10. f4 Bc5+ 11. Kh1 Nf2+ 12. Rxf2 Bxf2 13. Qh5 g6 14. Qf3
Bc5 15. f5 Qh4 16. g3 Qe7 17. Bh6 Re8 18. Re1 Bxf5 19. Bxf5 gxf5 20. Qxf5 Qe6
21. Rf1 Qxf5 22. Rxf5 Re6 23. Bf4 Rae8 24. Ne2 Rd8 25. Rg5+ Rg6 26. Rxg6+ hxg6
27. e6 fxe6 28. Bxc7 Rd7 29. Be5 Bd6 30. Bc3 e5 31. Kg2 Rf7 32. Be1 d4 33. a3
c5 34. b4 c4 35. h4 Kf8 36. Bd2 Ke7 37. Be1 Ke6 38. Bf2 Kd5 39. Bg1 Rf8 40. g4
a5 41. bxa5 Bxa3 0-1

[Event "España ch-2015 sub-18"]
[Site "Salobrena ESP"]
[Date "2015.07.28"]
[Round "3.40"]
[White "Hevia Fernandez, Guillermo"]
[Black "Martin Fito, Angel Luis"]
[Result "0-1"]
[WhiteElo "1795"]
[BlackElo "1586"]
[PlyCount "73"]
[EventDate "2015.07.27"]
[EventType "swiss"]
[EventRounds "9"]
[EventCountry "ESP"]
[Source "lmi"]
[SourceDate "2015.07.27"]

1. d4 e6 2. c4 b6 3. a3 Bb7 4. Nc3 f5 5. d5 exd5 6. cxd5 Nf6 7. g3 Na6 8. Bg2
Nc5 9. Nh3 Bd6 10. O-O O-O 11. Qc2 Nce4 12. Rd1 Qe7 13. Bg5 Nxg5 14. Nxg5 Ng4
15. Nf3 Bc5 16. Qb3 d6 17. Nd4 f4 18. Ne4 fxg3 19. fxg3 Ba6 20. Nxc5 bxc5 21.
Ne6 Rf6 22. Bf3 Ne5 23. Kg2 Bc4 24. Qb7 Re8 25. b3 Nxf3 26. bxc4 Nd4 27. Nxd4
cxd4 28. Ra2 Qe3 29. Qb2 Rf2+ 30. Kh1 Qe7 31. Qb7 Rff8 32. Kg2 Qe3 33. Qb1 Rf2+
34. Kh3 Qh6+ 35. Kg4 Re5 36. Ra1 Rxd5 37. cxd5 0-1

[Event "España ch-2015 sub-18"]
[Site "Salobrena ESP"]
[Date "2015.07.29"]
[Round "4.1"]
[White "Marchena Hurtado, Javier"]
[Black "Suarez Gomez, Julio"]
[Result "0-1"]
[WhiteElo "2294"]
[BlackElo "2400"]
[PlyCount "148"]
[EventDate "2015.07.27"]
[EventType "swiss"]
[EventRounds "9"]
[EventCountry "ESP"]
[Source "lmi"]
[SourceDate "2015.07.27"]

1. e4 e6 2. d4 d5 3. Nc3 Bb4 4. exd5 exd5 5. Bd3 Nc6 6. a3 Bxc3+ 7. bxc3 Be6 8.
Qf3 Nge7 9. Ne2 Qd7 10. O-O O-O-O 11. h3 Bf5 12. Ng3 Bxd3 13. cxd3 Rdf8 14. Re1
Rhg8 15. Ra2 f5 16. Rae2 f4 17. Nf1 g5 18. Nh2 Nf5 19. Qg4 Qf7 20. Re6 h5 21.
Qf3 Rd8 22. Qe2 Ng7 23. Rxc6 Rge8 24. Qd1 Rxe1+ 25. Qxe1 Re8 26. Qd1 bxc6 27.
Nf3 Qf5 28. Ne5 Rxe5 29. dxe5 Qxe5 30. Bd2 Kd7 31. Kf1 Qf5 32. Qe2 g4 33. hxg4
hxg4 34. Ke1 Ne6 35. Kd1 c5 36. f3 g3 37. Kc1 Nf8 38. c4 Ne6 39. cxd5 Qxd5 40.
Qe4 Qd4 41. Kc2 Qa1 42. Bxf4 Nd4+ 43. Kd2 Qb2+ 44. Ke1 Qf2+ 45. Kd1 Qf1+ 46.
Kd2 Qxg2+ 47. Kd1 Qf1+ 48. Kd2 Qf2+ 49. Kd1 Qc2+ 50. Ke1 Qb1+ 51. Kd2 Qa2+ 52.
Ke1 Qf2+ 53. Kd1 Qf1+ 54. Kd2 Nxf3+ 55. Kc3 Qa1+ 56. Kc4 Qa2+ 57. Kc3 Qxa3+ 58.
Kc2 Nd4+ 59. Kd1 Qb3+ 60. Ke1 Qb1+ 61. Kd2 Qc2+ 62. Ke1 Qf2+ 63. Kd1 Qg1+ 64.
Kd2 Qh2+ 65. Kd1 Qh5+ 66. Kd2 Nf3+ 67. Ke3 g2 68. Qa4+ Kd8 69. Bxc7+ Kxc7 70.
Qxa7+ Kd6 71. Qb8+ Ke7 72. Qc7+ Kf8 73. Qd6+ Kg7 74. Qe7+ Qf7 0-1

[Event "España ch-2015 sub-18"]
[Site "Salobrena ESP"]
[Date "2015.07.29"]
[Round "4.2"]
[White "Balbuena Fuentes, Mario"]
[Black "Santos Ruiz, Miguel"]
[Result "1-0"]
[WhiteElo "2265"]
[BlackElo "2329"]
[PlyCount "141"]
[EventDate "2015.07.27"]
[EventType "swiss"]
[EventRounds "9"]
[EventCountry "ESP"]
[Source "lmi"]
[SourceDate "2015.07.27"]

1. e4 e6 2. d4 d5 3. Nd2 c5 4. exd5 Qxd5 5. dxc5 Nf6 6. Ngf3 Qxc5 7. Nb3 Qc7 8.
Bb5+ Nbd7 9. O-O a6 10. Bd3 Bd6 11. Bg5 O-O 12. c3 b6 13. Bh4 Bb7 14. Bg3 Bxg3
15. hxg3 Ne5 16. Nxe5 Qxe5 17. Re1 Qg5 18. Nd2 Rfd8 19. Nf3 Qd5 20. Bc2 Qh5 21.
Qe2 Rd5 22. Rad1 Rad8 23. Bb3 R5d6 24. Rxd6 Rxd6 25. Rd1 Qc5 26. Rxd6 Qxd6 27.
Qd2 Qxd2 28. Nxd2 Kf8 29. f3 Ke7 30. Kf2 Kd6 31. Nc4+ Kc5 32. Ne5 Bd5 33. Nxf7
Bxb3 34. axb3 Kd5 35. Ke3 e5 36. g4 h6 37. g5 hxg5 38. Nxg5 Nd7 39. Ne4 b5 40.
Kd3 Nb6 41. b4 Nd7 42. b3 g6 43. g3 Kc6 44. c4 Kb6 45. Ng5 bxc4+ 46. bxc4 Nb8
47. Ne6 Nc6 48. Kc3 Kb7 49. c5 Kc8 50. Kc4 Ne7 51. Ng5 Kd7 52. b5 axb5+ 53.
Kxb5 Kc7 54. Nf7 Nf5 55. Nxe5 Nxg3 56. Nxg6 Nf5 57. f4 Kb7 58. Kc4 Kc7 59. Kd5
Ne3+ 60. Ke4 Ng4 61. Ne5 Nh6 62. f5 Ng8 63. Kd5 Nf6+ 64. Ke6 Ne4 65. Ke7 Nc3
66. f6 Nd5+ 67. Ke6 Nf4+ 68. Kf5 Nh5 69. f7 Ng7+ 70. Kf6 Nh5+ 71. Ke7 1-0

[Event "España ch-2015 sub-18"]
[Site "Salobrena ESP"]
[Date "2015.07.29"]
[Round "4.3"]
[White "Rubio Tent, Francisco"]
[Black "Buendia Pinar, Alvaro"]
[Result "1-0"]
[WhiteElo "2275"]
[BlackElo "2134"]
[PlyCount "91"]
[EventDate "2015.07.27"]
[EventType "swiss"]
[EventRounds "9"]
[EventCountry "ESP"]
[Source "lmi"]
[SourceDate "2015.07.27"]

1. e4 c5 2. Nf3 d6 3. d4 cxd4 4. Nxd4 Nf6 5. Nc3 Nc6 6. Be2 e6 7. O-O Be7 8.
Be3 O-O 9. f4 a6 10. a4 Qc7 11. Kh1 Re8 12. Qe1 Na5 13. Rd1 b6 14. Qg3 Bb7 15.
Bd3 Nd7 16. f5 e5 17. Bh6 Bf6 18. Bxg7 Bxg7 19. f6 Nxf6 20. Nf5 Nh5 21. Qg5 Re6
22. Qxh5 Rf8 23. Rf3 Kh8 24. Rdf1 Rg6 25. Rh3 h6 26. Rff3 Qd8 27. Rhg3 Qe8 28.
Qh4 Nc6 29. Rxg6 fxg6 30. Nxd6 Qb8 31. Rxf8+ Qxf8 32. Nxb7 Qb4 33. Qe1 Nb8 34.
Qf1 Qe7 35. Bxa6 Nxa6 36. Qxa6 Qg5 37. Qd3 Qc1+ 38. Nd1 Bf6 39. a5 bxa5 40.
Nxa5 Bg5 41. Nb3 Qb1 42. g3 h5 43. Kg2 Kh7 44. Nc5 Qc1 45. Ne6 Qxd1 46. Qxd1
1-0

[Event "España ch-2015 sub-18"]
[Site "Salobrena ESP"]
[Date "2015.07.29"]
[Round "4.4"]
[White "Garriga Cazorla, Pere"]
[Black "Campins Machado, Francesc"]
[Result "1/2-1/2"]
[WhiteElo "2461"]
[BlackElo "2127"]
[PlyCount "123"]
[EventDate "2015.07.27"]
[EventType "swiss"]
[EventRounds "9"]
[EventCountry "ESP"]
[Source "lmi"]
[SourceDate "2015.07.27"]

1. d4 Nf6 2. g3 e6 3. Bg2 d5 4. Nf3 c6 5. O-O b6 6. c4 Be7 7. Qc2 O-O 8. Nbd2
Ba6 9. Re1 Nbd7 10. e4 Nxe4 11. Nxe4 dxe4 12. Rxe4 Bb7 13. Re1 c5 14. Be3 cxd4
15. Bxd4 Qc7 16. Rad1 Rac8 17. b3 Rfd8 18. Qe2 Bf6 19. Be3 Nc5 20. Bf4 Qe7 21.
Ne5 Bxg2 22. Kxg2 Rxd1 23. Rxd1 Rd8 24. Nc6 Qb7 25. Rxd8+ Bxd8 26. Qf3 Nd3 27.
Ne7+ Qxe7 28. Qxd3 Qb7+ 29. Kg1 Be7 30. b4 h5 31. a3 Qc6 32. h4 a5 33. b5 Qc8
34. a4 Bc5 35. Kg2 Qb7+ 36. f3 Qe7 37. Bg5 Qc7 38. Bd2 Qe7 39. Bc3 g6 40. Bb2
Kf8 41. Qd2 Ke8 42. Qf4 Kd7 43. Bf6 Qd6 44. Be5 Qe7 45. Qe4 Ke8 46. Kh3 f5 47.
Qf4 Kd7 48. Qh6 Qf7 49. Qh8 Bd6 50. Bxd6 Kxd6 51. Qd4+ Kc7 52. c5 bxc5 53.
Qxc5+ Kd8 54. Qb6+ Qc7 55. Qxc7+ Kxc7 56. f4 Kd6 57. Kg2 Kd5 58. Kf3 Kc5 59.
Ke3 Kd5 60. Kd3 Kc5 61. Kc3 Kd5 62. Kd3 1/2-1/2

[Event "España ch-2015 sub-18"]
[Site "Salobrena ESP"]
[Date "2015.07.29"]
[Round "4.5"]
[White "Sanchez Vigon, David"]
[Black "Montoya Pecurul, Marc"]
[Result "1-0"]
[WhiteElo "2201"]
[BlackElo "2074"]
[PlyCount "67"]
[EventDate "2015.07.27"]
[EventType "swiss"]
[EventRounds "9"]
[EventCountry "ESP"]
[Source "lmi"]
[SourceDate "2015.07.27"]

1. e4 c5 2. Nc3 e6 3. f4 Nc6 4. Nf3 d5 5. Bb5 Nge7 6. exd5 Nxd5 7. O-O Be7 8.
Bxc6+ bxc6 9. Ne5 Qc7 10. d3 Rb8 11. Na4 Ba6 12. b3 Bd6 13. Qe2 O-O 14. g3 Rfe8
15. c4 Ne7 16. Ba3 Nf5 17. Bxc5 f6 18. Nf3 h5 19. Qf2 Rbd8 20. Bxa7 Qf7 21. Bc5
h4 22. Bxd6 Rxd6 23. Nc5 hxg3 24. hxg3 Bc8 25. d4 Qg6 26. Kg2 Red8 27. Rad1 e5
28. fxe5 fxe5 29. Nxe5 Qg5 30. Ne4 Qh6 31. Nxd6 Rxd6 32. Rd3 Qh3+ 33. Kxh3 Ne3+
34. g4 1-0

[Event "España ch-2015 sub-18"]
[Site "Salobrena ESP"]
[Date "2015.07.29"]
[Round "4.6"]
[White "Gomez Dieguez, Adrian"]
[Black "Bernabeu Lopez, Carlos Javier"]
[Result "0-1"]
[WhiteElo "2124"]
[BlackElo "2142"]
[PlyCount "58"]
[EventDate "2015.07.27"]
[EventType "swiss"]
[EventRounds "9"]
[EventCountry "ESP"]
[Source "lmi"]
[SourceDate "2015.07.27"]

1. e4 e5 2. Nc3 Nf6 3. a3 d5 4. exd5 Nxd5 5. Qh5 Nc6 6. Bb5 Be7 7. Qxe5 Nxc3 8.
Qxc3 O-O 9. Ne2 Bf6 10. Qd3 Qe7 11. Bxc6 bxc6 12. O-O Re8 13. Ng3 Rb8 14. Rb1
c5 15. Qe3 Qf8 16. Qf3 Bb7 17. Qg4 g6 18. d3 Qg7 19. b3 h5 20. Qc4 Bd4 21. Be3
h4 22. Bxd4 Qxd4 23. Qxd4 cxd4 24. Ne4 Bxe4 25. dxe4 Rxe4 26. Rfe1 Rxe1+ 27.
Rxe1 d3 28. b4 dxc2 29. Kf1 Rd8 0-1

[Event "España ch-2015 sub-18"]
[Site "Salobrena ESP"]
[Date "2015.07.29"]
[Round "4.7"]
[White "Garrido Piriz, Pablo"]
[Black "Fernandez Cano, Victor"]
[Result "0-1"]
[WhiteElo "2138"]
[BlackElo "1956"]
[PlyCount "76"]
[EventDate "2015.07.27"]
[EventType "swiss"]
[EventRounds "9"]
[EventCountry "ESP"]
[Source "lmi"]
[SourceDate "2015.07.27"]

1. e4 c5 2. Nf3 d6 3. d4 cxd4 4. Nxd4 Nf6 5. Nc3 a6 6. Qf3 Qc7 7. h3 e6 8. g4
b5 9. g5 Nfd7 10. a3 Bb7 11. Qg3 Nb6 12. Bg2 N8d7 13. O-O O-O-O 14. a4 b4 15.
a5 Nc4 16. Na4 Qxa5 17. c3 bxc3 18. b3 Nd2 19. Bxd2 cxd2 20. Rfd1 Be7 21. h4
Kb8 22. Nb2 Qe5 23. Qe3 d5 24. Nd3 Qd6 25. e5 Qb6 26. b4 Rc8 27. Rxd2 Rc4 28.
Nb2 Rxb4 29. Na4 Qc7 30. f4 Rc8 31. Bf1 Qa5 32. Rda2 Nc5 33. Nc3 Qb6 34. Kh1
Nb3 35. Rd1 Nxd4 36. Na4 Qa7 37. Bxa6 Bxa6 38. Rda1 Nc2 0-1

[Event "España ch-2015 sub-18"]
[Site "Salobrena ESP"]
[Date "2015.07.29"]
[Round "4.8"]
[White "Navarrete Espi, Samuel"]
[Black "Garcia-Castany Musellas, Gal.la"]
[Result "1-0"]
[WhiteElo "2329"]
[BlackElo "2034"]
[PlyCount "63"]
[EventDate "2015.07.27"]
[EventType "swiss"]
[EventRounds "9"]
[EventCountry "ESP"]
[Source "lmi"]
[SourceDate "2015.07.27"]

1. e4 e5 2. Nc3 Nf6 3. Bc4 Bb4 4. Qf3 d6 5. h3 Nc6 6. Nge2 a6 7. O-O O-O 8. d3
Bxc3 9. Nxc3 Nd4 10. Qd1 b5 11. Bb3 h6 12. f4 Bb7 13. Ne2 Nxb3 14. axb3 Qe8 15.
Qe1 Bc8 16. Qh4 Nh7 17. Be3 exf4 18. Nxf4 c6 19. Nh5 Qe5 20. c3 f6 21. Bf4 Qe6
22. Qg3 g5 23. Bxd6 Rd8 24. Bc5 Qf7 25. Qf3 f5 26. exf5 Qd5 27. Qf2 Qxd3 28. f6
Kf7 29. Rae1 Kg6 30. Ng3 Qd5 31. Re7 Rg8 32. Qc2+ 1-0

[Event "España ch-2015 sub-18"]
[Site "Salobrena ESP"]
[Date "2015.07.29"]
[Round "4.9"]
[White "Martin Garcia, Guillermo"]
[Black "Prado Acebo, Ines"]
[Result "1-0"]
[WhiteElo "2240"]
[BlackElo "2029"]
[PlyCount "48"]
[EventDate "2015.07.27"]
[EventType "swiss"]
[EventRounds "9"]
[EventCountry "ESP"]
[Source "lmi"]
[SourceDate "2015.07.27"]

1. e4 c5 2. b3 e6 3. Nf3 d6 4. Bb2 Nf6 5. Bb5+ Nbd7 6. Nc3 Qc7 7. d4 cxd4 8.
Qxd4 a6 9. Bxd7+ Bxd7 10. O-O-O O-O-O 11. Nd2 Bc6 12. Nc4 Nxe4 13. Nxe4 Bxe4
14. Qxe4 d5 15. Qh4 dxc4 16. Rxd8+ Qxd8 17. Qxc4+ Qc7 18. Qg4 Rg8 19. Rd1 Bc5
20. Rd3 Kb8 21. Qe4 Rd8 22. Be5 Bd6 23. Rxd6 Rxd6 24. Qf4 Qd8 1-0

[Event "España ch-2015 sub-18"]
[Site "Salobrena ESP"]
[Date "2015.07.29"]
[Round "4.10"]
[White "Rivas Diaz, Pablo"]
[Black "Ponce Cano, Adrian"]
[Result "1/2-1/2"]
[WhiteElo "2029"]
[BlackElo "2183"]
[PlyCount "78"]
[EventDate "2015.07.27"]
[EventType "swiss"]
[EventRounds "9"]
[EventCountry "ESP"]
[Source "lmi"]
[SourceDate "2015.07.27"]

1. e4 c5 2. Nf3 e6 3. d4 cxd4 4. Nxd4 Nf6 5. Nc3 Nc6 6. Ndb5 Bb4 7. a3 Bxc3+ 8.
Nxc3 d5 9. exd5 exd5 10. Qe2+ Be6 11. Bg5 O-O 12. O-O-O Re8 13. Qd2 h6 14. Bxf6
Qxf6 15. Nb5 Red8 16. Nd4 Ne5 17. Nxe6 Qxe6 18. Bd3 Rac8 19. f4 Nxd3+ 20. Qxd3
d4 21. Kd2 Rc3 22. bxc3 dxc3+ 23. Kxc3 Rxd3+ 24. cxd3 Qc6+ 25. Kb4 b6 26. d4
a5+ 27. Kb3 Qd5+ 28. Kc3 b5 29. Rhe1 a4 30. Kb4 g5 31. fxg5 hxg5 32. h3 Kg7 33.
g3 Kh6 34. h4 f6 35. hxg5+ Kxg5 36. Rf1 Kg4 37. Rg1 f5 38. Ka5 Kh3 39. Kb4 Kg4
1/2-1/2

[Event "España ch-2015 sub-18"]
[Site "Salobrena ESP"]
[Date "2015.07.29"]
[Round "4.11"]
[White "Garcia Martin, Marta"]
[Black "Mazo Fernandez, Roberto"]
[Result "1-0"]
[WhiteElo "2166"]
[BlackElo "2025"]
[PlyCount "65"]
[EventDate "2015.07.27"]
[EventType "swiss"]
[EventRounds "9"]
[EventCountry "ESP"]
[Source "lmi"]
[SourceDate "2015.07.27"]

1. e4 c5 2. Nf3 d6 3. Bb5+ Bd7 4. Bxd7+ Qxd7 5. c4 Nc6 6. Nc3 g6 7. d4 cxd4 8.
Nxd4 Bg7 9. Be3 Nh6 10. h3 f5 11. exf5 Nxf5 12. Nxf5 Bxc3+ 13. bxc3 gxf5 14.
Qh5+ Kd8 15. Rd1 Kc7 16. O-O Raf8 17. f4 Qe6 18. Qe2 Qe4 19. Rfe1 b6 20. Rd2
Na5 21. Bd4 Rhg8 22. Qxe4 fxe4 23. Rxe4 Nxc4 24. Rxe7+ Kd8 25. Rde2 Re8 26.
Rxa7 Rxe2 27. Ra8+ Ke7 28. Rxg8 Rxa2 29. Rg7+ Kf8 30. Rxh7 Ra5 31. Kf2 Rf5 32.
Kf3 Ne5+ 33. Ke4 1-0

[Event "España ch-2015 sub-18"]
[Site "Salobrena ESP"]
[Date "2015.07.29"]
[Round "4.12"]
[White "Picos Maiztegui, Miguel"]
[Black "Ruperez Benito, Antonio"]
[Result "1-0"]
[WhiteElo "2023"]
[BlackElo "2148"]
[PlyCount "147"]
[EventDate "2015.07.27"]
[EventType "swiss"]
[EventRounds "9"]
[EventCountry "ESP"]
[Source "lmi"]
[SourceDate "2015.07.27"]

1. e4 e6 2. d4 d5 3. Nc3 Bb4 4. exd5 exd5 5. Bd3 Nc6 6. a3 Be7 7. Be3 Nf6 8. h3
Be6 9. Nf3 h6 10. Qd2 a6 11. b4 Nd7 12. Ne2 Bd6 13. Nf4 O-O 14. O-O Bxf4 15.
Bxf4 Qf6 16. c3 Rac8 17. Rfe1 Bf5 18. Be5 Ndxe5 19. dxe5 Qe6 20. Bxf5 Qxf5 21.
Qxd5 Rcd8 22. Qc4 Qd3 23. Qxd3 Rxd3 24. c4 Rfd8 25. e6 fxe6 26. Rxe6 Rc3 27. b5
axb5 28. cxb5 Nd4 29. Nxd4 Rxd4 30. Re8+ Kh7 31. Rb8 b6 32. a4 Rd2 33. Rf8 Rb2
34. Rf3 Rxf3 35. gxf3 c6 36. bxc6 Rc2 37. Rb1 Rxc6 38. Rb4 Kg6 39. Kg2 Kf5 40.
Rg4 g5 41. Rb4 Rd6 42. Kg3 Rc6 43. f4 Rd6 44. f3 gxf4+ 45. Rxf4+ Ke5 46. Re4+
Kf5 47. Rb4 Rg6+ 48. Rg4 Rd6 49. h4 Rc6 50. h5 Rd6 51. Rb4 Rc6 52. Rb5+ Kf6 53.
f4 Rc3+ 54. Kg4 Rc6 55. Rf5+ Kg7 56. Rd5 Kf6 57. Rd7 Rc4 58. Rh7 Rxa4 59. Rxh6+
Kg7 60. Rxb6 Ra5 61. Rg6+ Kf7 62. Rg5 Ra1 63. Rb5 Kg7 64. Kf5 Kh6 65. Re5 Kxh5
66. Kf6+ Kg4 67. f5 Kh5 68. Kf7 Kh6 69. f6 Ra7+ 70. Re7 Ra6 71. Re6 Ra7+ 72.
Kf8 Kg6 73. f7+ Kh7 74. Rf6 1-0

[Event "España ch-2015 sub-18"]
[Site "Salobrena ESP"]
[Date "2015.07.29"]
[Round "4.13"]
[White "Ribera Cebolla, Marc"]
[Black "Gonzalez Santamartina, Jorge"]
[Result "1-0"]
[WhiteElo "2146"]
[BlackElo "1991"]
[PlyCount "75"]
[EventDate "2015.07.27"]
[EventType "swiss"]
[EventRounds "9"]
[EventCountry "ESP"]
[Source "lmi"]
[SourceDate "2015.07.27"]

1. e4 e5 2. Nf3 Nc6 3. Bc4 Bc5 4. b4 Bxb4 5. c3 Ba5 6. Qb3 Qe7 7. O-O Bb6 8. d4
d6 9. a4 exd4 10. cxd4 Na5 11. Qd3 Nxc4 12. Qxc4 Be6 13. d5 Bg4 14. Nbd2 a5 15.
Ba3 Bxf3 16. Nxf3 Nh6 17. Rab1 O-O 18. e5 Ra6 19. Rfe1 Qd7 20. e6 fxe6 21. dxe6
Qe7 22. Qe4 Ra7 23. Bc1 Nf5 24. Rb5 Nh4 25. Bg5 Nxf3+ 26. gxf3 Qe8 27. Kh1 Bc5
28. e7 Rf7 29. Rxc5 dxc5 30. Rd1 Rxe7 31. Bxe7 Ra8 32. Bxc5 Qf7 33. Qd5 Qxd5
34. Rxd5 Rc8 35. Bd4 Rf8 36. Kg2 h6 37. Rxa5 b6 38. Rd5 1-0

[Event "España ch-2015 sub-18"]
[Site "Salobrena ESP"]
[Date "2015.07.29"]
[Round "4.14"]
[White "Gonzalez Capacete, Jose Miguel"]
[Black "Mari Copa, Adria"]
[Result "1/2-1/2"]
[WhiteElo "1977"]
[BlackElo "2136"]
[PlyCount "65"]
[EventDate "2015.07.27"]
[EventType "swiss"]
[EventRounds "9"]
[EventCountry "ESP"]
[Source "lmi"]
[SourceDate "2015.07.27"]

1. e4 c5 2. Nf3 Nc6 3. d4 cxd4 4. Nxd4 e5 5. Nb5 d6 6. N1c3 a6 7. Na3 Be7 8.
Nc4 b5 9. Ne3 Nf6 10. g3 O-O 11. Bg2 Rb8 12. O-O Na5 13. Qe2 b4 14. Ncd5 Nxd5
15. Nxd5 Bg5 16. Bxg5 Qxg5 17. b3 Qd8 18. a3 Nc6 19. Qc4 Na5 20. Qe2 Nc6 21.
axb4 Nxb4 22. Ne3 Nc6 23. Qd2 Nd4 24. Ra4 Bd7 25. Rxd4 exd4 26. Qxd4 Be6 27.
Rd1 a5 28. Qxd6 Qxd6 29. Rxd6 Rfd8 30. Rxd8+ Rxd8 31. Kf1 f6 32. Ke2 Kf8 33. f4
1/2-1/2

[Event "España ch-2015 sub-18"]
[Site "Salobrena ESP"]
[Date "2015.07.29"]
[Round "4.15"]
[White "Esquivias Quintero, Luis Manuel"]
[Black "Guerra Arrocha, Daniel"]
[Result "1-0"]
[WhiteElo "2134"]
[BlackElo "1989"]
[PlyCount "103"]
[EventDate "2015.07.27"]
[EventType "swiss"]
[EventRounds "9"]
[EventCountry "ESP"]
[Source "lmi"]
[SourceDate "2015.07.27"]

1. e4 e6 2. d4 d5 3. Nd2 c5 4. Ngf3 Nc6 5. Bb5 cxd4 6. Nxd4 Bd7 7. Nxc6 bxc6 8.
Bd3 Bd6 9. Qe2 Qc7 10. Nf3 dxe4 11. Qxe4 Nf6 12. Qh4 Qa5+ 13. Bd2 Qh5 14. Qxh5
Nxh5 15. O-O-O Nf4 16. Bf1 Ke7 17. g3 Nd5 18. Bg2 c5 19. c4 Nb4 20. Bxb4 cxb4
21. Ng5 Raf8 22. Rd3 h6 23. Rhd1 hxg5 24. Rxd6 Bc8 25. h3 Rd8 26. c5 Rxd6 27.
cxd6+ Kd7 28. Kc2 g4 29. h4 Rh5 30. Rd4 Rf5 31. Rd2 a5 32. Kb3 g6 33. Rc2 Ba6
34. Rc7+ Kd8 35. Bc6 Rc5 36. Ka4 Bd3 37. Be4 Bb5+ 38. Kxa5 Re5 39. Kxb4 Bd7 40.
Bg2 Re2 41. Ra7 Rxf2 42. Ra8+ Bc8 43. Bc6 Rxb2+ 44. Kc5 Rc2+ 45. Kb6 Rb2+ 46.
Bb5 f5 47. a4 f4 48. d7 Rxb5+ 49. axb5 Kxd7 50. gxf4 g3 51. Ra3 Ke7 52. Rxg3
1-0

[Event "España ch-2015 sub-18"]
[Site "Salobrena ESP"]
[Date "2015.07.29"]
[Round "4.16"]
[White "Perez Tores, Juan Miguel"]
[Black "Marquez Marvizon, Alejandra"]
[Result "1/2-1/2"]
[WhiteElo "2129"]
[BlackElo "1968"]
[PlyCount "60"]
[EventDate "2015.07.27"]
[EventType "swiss"]
[EventRounds "9"]
[EventCountry "ESP"]
[Source "lmi"]
[SourceDate "2015.07.27"]

1. e4 e6 2. d4 d5 3. Nc3 Nf6 4. Bg5 dxe4 5. Nxe4 Nbd7 6. Nf3 h6 7. Nxf6+ Nxf6
8. Bh4 Be7 9. c3 O-O 10. Bd3 Nd5 11. Bxe7 Qxe7 12. Be4 Rd8 13. O-O c5 14. Qe2
Nf6 15. Rad1 cxd4 16. Rxd4 Nxe4 17. Qxe4 Rxd4 18. Nxd4 Qc7 19. Nb5 Qd8 20. h3
a6 21. Nd4 Qc7 22. Nf3 f6 23. Rd1 Bd7 24. Nh2 Re8 25. Ng4 Bc6 26. Qd4 Qf7 27.
Kh2 Qc7+ 28. Kg1 Qf7 29. Kh2 Qc7+ 30. Kg1 Qf7 1/2-1/2

[Event "España ch-2015 sub-18"]
[Site "Salobrena ESP"]
[Date "2015.07.29"]
[Round "4.17"]
[White "Portela Peleteiro, Alberto"]
[Black "Santos Martinez, Guillermo"]
[Result "1-0"]
[WhiteElo "2105"]
[BlackElo "1940"]
[PlyCount "57"]
[EventDate "2015.07.27"]
[EventType "swiss"]
[EventRounds "9"]
[EventCountry "ESP"]
[Source "lmi"]
[SourceDate "2015.07.27"]

1. e4 c5 2. Nc3 Nc6 3. Nge2 d6 4. g3 g6 5. d4 cxd4 6. Nxd4 Bg7 7. Nde2 Bg4 8.
Bg2 Nd4 9. Qd3 Bxe2 10. Nxe2 Nxe2 11. Qb5+ Qd7 12. Qxe2 Nf6 13. O-O O-O 14. Rd1
Qc7 15. c3 Rab8 16. Be3 b5 17. a4 Qc4 18. Qxc4 bxc4 19. Bxa7 Rxb2 20. e5 dxe5
21. a5 e4 22. a6 Ra8 23. Bd4 e6 24. Bxf6 Bxf6 25. Rd7 Rb6 26. a7 Bxc3 27. Bxe4
Bxa1 28. Bxa8 Ra6 29. Be4 1-0

[Event "España ch-2015 sub-18"]
[Site "Salobrena ESP"]
[Date "2015.07.29"]
[Round "4.18"]
[White "Garcia Gonzalez, Omar"]
[Black "Buiza Prieto, Eihartze"]
[Result "1/2-1/2"]
[WhiteElo "1964"]
[BlackElo "2095"]
[PlyCount "124"]
[EventDate "2015.07.27"]
[EventType "swiss"]
[EventRounds "9"]
[EventCountry "ESP"]
[Source "lmi"]
[SourceDate "2015.07.27"]

1. e4 c5 2. Nf3 d6 3. d4 cxd4 4. Nxd4 Nf6 5. Nc3 Nc6 6. Be2 g6 7. O-O Bg7 8.
Be3 O-O 9. Kh1 Bd7 10. Nb3 a5 11. a4 Rc8 12. f4 Be6 13. Nd4 Nxd4 14. Bxd4 Qc7
15. Rc1 Bc4 16. Bd3 e5 17. Be3 Rfd8 18. b3 exf4 19. Bxf4 Bxd3 20. cxd3 Qb6 21.
Bg5 Qd4 22. Nd5 Nxd5 23. Bxd8 Rxd8 24. exd5 Qxd5 25. Rc7 Rf8 26. Qf3 Qxb3 27.
Rxb7 Qe6 28. Rfb1 Bc3 29. Qe4 Qxe4 30. dxe4 Re8 31. Rb8 Rxb8 32. Rxb8+ Kg7 33.
Kg1 Kf6 34. Kf2 h5 35. Ke3 Ke6 36. Kd3 Be1 37. Rb5 f6 38. Kc4 h4 39. h3 Bd2 40.
Kd3 Be1 41. Ke2 Bc3 42. Kf3 f5 43. exf5+ gxf5 44. g3 hxg3 45. Kxg3 d5 46. Kf3
d4 47. Ke2 Kf6 48. h4 Kg6 49. Rb1 Kh5 50. Rh1 Bb4 51. Kd3 Bc3 52. Rh2 Ba1 53.
Ke2 Bb2 54. Kf3 Bc1 55. Rh1 Bd2 56. Rh3 Bc1 57. Rh2 Ba3 58. Rd2 Kxh4 59. Rxd4+
Kg5 60. Rd5 Bb4 61. Rb5 Bc3 62. Rb6 Bd4 1/2-1/2